000 01452cam a2200337 a 4500
005 20090403071800.0
008 080312s2008 ii b 001 0 eng
010 _aENG-95309
020 _a9780198063506
_c395.00
020 _a0198063504
_c395.00
035 _aEN-78842
037 _bDBAD / PUB
040 _aDPL
082 _a305.5688
100 _aThorat, Sukhadeo.
245 _aB.R. Ambedkar :
_bperspectives on social exclusion and inclusive policies /
_cEdited by Sukhadeo Thorat and Narender Kumar.
260 _aNew Delhi :
_bOxford University Press,
_c2009.
300 _a386 p.
_c23 cm.(Pbk)
500 _aIncludes bibliographical references and index
600 _aAmbedkar, B. R.
_q(Bhimrao Ramji),
_d1891-1956.
650 _aPeople with social disabilities
_xGovernment policy
_zIndia.
650 _aAffirmative action programs
_zIndia.
650 _aReverse discrimination
_zIndia.
700 _aKumar, Narender.
856 _uhttp://www.loc.gov/catdir/enhancements/fy0907/2008307547-b.html
856 _uhttp://www.loc.gov/catdir/enhancements/fy0907/2008307547-d.html
856 _uhttp://www.loc.gov/catdir/enhancements/fy0907/2008307547-t.html
942 _2ddc
_cEN
_mTHO
_h305.5688
999 _c31311
_d31311